Reglamento general del Instituto Americano : incorporado al Colegio Nacional : establecimiento modelo : internado : (no hay vacaciones) : Adrogué F. C. S. / Director: R. Monner Sans incorporado al Colegio Nacional :
Descripción Física:
29 p. ; 18 cm
Otros Autores:
Monner Sans, Ricardo, dir
MARC
| LEADER | 00000nam a2200000Ia 4500 | ||
|---|---|---|---|
| 001 | 19394 | ||
| 008 | 160829s1896 xx 000 0 cat d | ||
| 080 | |a 1950, exp. 8 | ||
| 245 | |a Reglamento general del Instituto Americano : |b incorporado al Colegio Nacional : |b establecimiento modelo : |b internado : |b (no hay vacaciones) : |b Adrogué F. C. S. / Director: |b R. Monner Sans | ||
| 260 | |a Buenos Aires : |b Imprenta y Encuadernación de El Correo Español, |c 1896 | ||
| 300 | |a 29 p. ; |c 18 cm | ||
| 650 | |a Instituto Americano (Adrogué, Argentina) |x Reglaments i procediment |9 48395 | ||
| 700 | |a Monner Sans, Ricardo, dir. |9 48396 | ||
| 901 | |a Arxiu | ||
| 942 | |n 1 | ||
| 952 | |0 0 |1 0 |4 0 |6 1950_EXP_8 |7 1 |9 54513 |a Arxiu |b Arxiu |d 2016-12-01 |l 0 |o 1950, exp. 8 |p 19394 |r 2016-12-01 00:00:00 |w 2016-12-01 |y ARXIU | ||
| 999 | |c 58382 |d 58382 | ||